00253nam a2200109Ia 4500008004100000082001500041100001900056245002400075260002800099300000800127650000800135191201s2009 xx 000 0 und d a488.9bGRH aHARTLEY, Peter 0aGroup Communication aLondanbRoutledgec2009 a226 aBBA